Latin 1a, 2a y 3a - Statistics

General Stats
  • This quiz has been taken 123 times
    31 since last reset
  • The average score is 52 of 96
Answer Stats
Hint Answer % Correct
n a
100%
v a
100%
abl a
100%
gn ae
100%
dat ae
100%
N ae
100%
V ae
100%
ac am
100%
GN arum
100%
AC as
100%
DAT is
100%
ABL is
100%
n -us/er/ir
83%
n -
67%
v -
67%
N a
67%
V a
67%
AC a
67%
abl e
67%
v -e/er/ir
67%
ac em
67%
gn i
67%
N i
67%
V i
67%
gn i
67%
dat i
67%
DAT is
67%
ABL is
67%
DAT is
67%
ABL is
67%
gn is
67%
dat o
67%
abl o
67%
dat o
67%
abl o
67%
GN orum
67%
GN orum
67%
AC os
67%
ac um
67%
n -um
67%
v um
67%
ac um
67%
n -
50%
v -
50%
ac -
50%
N a
50%
V a
50%
AC a
50%
abl e
50%
N es
50%
V es
50%
AC es
50%
dat i
50%
DAT ibus
50%
ABL ibus
50%
DAT ibus
50%
ABL ibus
50%
DAT ibus
50%
ABL ibus
50%
gn is
50%
abl u
50%
dat ui
50%
GN um
50%
GN um
50%
ac um
50%
n us
50%
v us
50%
gn us
50%
N us
50%
V us
50%
AC us
50%
GN uum
50%
n u
33%
v u
33%
ac u
33%
abl u
33%
dat ui
33%
gn us
33%
abl e
17%
DAT ebus
17%
ABL ebus
17%
gn ei
17%
dat ei
17%
ac em
17%
GN erum
17%
n es
17%
v es
17%
N es
17%
V es
17%
AC es
17%
DAT ibus
17%
ABL ibus
17%
N ua
17%
V ua
17%
AC ua
17%
GN uum
17%
No matching quizzes found
Score Distribution
Percent of People with Each Score
Percentile by Number Answered
Your Score History
You have not taken this quiz since the last reset